000 00754nam a2200229 a 4500
001 000025088
005 20200930023546.0
008 110201s1973 ve r 000 | spa d
040 _aDO-SdBNP
_bspa
_cBNPHU
082 _aVe863.44
_bA473c
100 1 _aAlvarez, Mariela
_951480
245 1 4 _aCuestión de tiempo /
_cMariela Alvarez; introducción José Balza.
260 _aCaracas, (Venezuela) :
_bMonte Avila Editores,
_c1973.
300 _a65 p. ;
_c16 cm.
490 1 _aBiblioteca Popular El dorado
_v73
500 _aIncluye dos lista colección
650 4 _aCuentos venezolanos
_93815
650 4 _aLiteratura venezolana
_93816
700 1 _aBalza, José,
_eintr.
_920661
830 0 _aBiblioteca popular el dorado,
_v73
_913605
049 _aBNGR
999 _c24581
_d24581